000 00750nam a22002177a 4500
999 _c13165
_d13165
003 AR-CdUCM
008 190411b ||||| |||| 00| 0 spa d
040 _aMUNICIPALIDAD PROVINCIAL DEL CUSCO
_cBIBLIOTECA MUNICIPAL DEL CUSCO
082 _aC / 373.85 /
_bL96
100 _aLuna, Humberto
_930955
245 _aMetodología pedagógica para la enseñanza primaria /
260 _aCuzco :
_bCuzco,
_c1922.
300 _a230 páginas ;
_c21.5 cm.
505 _aSistema de enseñanza -- Metodología -- Las lecciones -- Organización escolar...
650 _aMetodología de enseñanza.
_99720
650 _aSistema de educación.
_94974
650 _aEducación.
_9460
650 _aCusco.
_9772
942 _2ddc
_cLIBROS
945 _awfj
_d2019-04-11